000 01155nam a2200217Ia 4500
008 0000002015 usad 0000000000eng00
020 _a7980989762762
090 _aPUS00 I71l
100 1 _aIsaacs, J. Susan
245 1 0 _aLayering constructs
_b: Margo Allman, Charles Burwell, Antonio Puri
_c/ essays J. Susan Isaacs, Margaret Winslow, Maiza Hixson
300 _a35 p.
_c/ 28 cm.
500 _aExposición realizada en Delaware Art Museum de Wilmington entre el 11 de abril y el 2 de agosto de 2015 y en Delaware Center for the Contemporary Arts entre el 18 de abril y el 7 de septiembre de 2015 \ Incluye datos biográficos y cronología artística
600 0 0 _a ALLMAN, MARGO, 1933/
_xTRABAJOS PICTORICOS \ BURWELL, CHARLES/
_xTRABAJOS PICTORICOS \ PURI, ANTONIO/
_xTRABAJOS PICTORICOS
650 1 4 _a PINTURA ESTADOUNIDENSE
650 1 4 _aARTE CONTEMPORANEO ESTADOUNIDENSE
650 1 4 _aARTISTAS PLASTICOS ESTADOUNIDENSES
650 1 4 _xCATALOGOS
650 1 4 _xEXPOSICIONES
700 1 _aWinslow, Margaret \ HiXson, Maiza
999 _c16653
_d16653
260 _aDelaware, Wilmington, Estados Unidos : Delaware Center for the Contemporary Arts
_c, 2015